000 00811nam a2200253 a 4500
001 BRCA_7790
005 20190320210008.0
008 011013s1963----nyua######---#000-0#eng-#
041 _aeng
044 _anyu
050 4 _aNK7143
_b.E54 1963
245 1 0 _aEnglish and other silver
_bin the Irwin Untermyer collection
_ctext by Yvonne Hackenbroch.
260 _aNueva York
_bMetropolitan Museum of Art
_c1963
300 _axxx, 96 p.
_bil.(algunas a color), 201 láminas
_c31 cm.
440 0 _aIrwin Untermyer collection
_v6
_919297
500 _aVer también Y105
500 _aX43
650 1 4 _aPlatería inglesa
_97768
650 1 4 _aPlatería
_xColecciones particulares
_99230
650 1 4 _aColeccionistas y colecciones
_919298
700 1 _aHackenbroch, Yvonne
_913599
902 _aGFM
942 _2lcc
_cB
999 _c7464
_d7464